Ereignisse des 5. Jahrhunderts - Statistiken

Allgemein
  • Dieses Quiz wurde 40 mal gespielt
  • Das Durchschnittsergebnis liegt bei 9 aus 15
Antwortstatistiken
Hint Extra Hint Antwort % Korrekt
Nach der Absetzung von Kaiser Romulus Augustulus wird Odoaker König. 476 Italien
83%
Die Vandalen nehmen Karthago ein. 439 Tunesien
83%
Zeit der Südlichen und Nördlichen Dynastien: Das Reich wird geteilt. 420-581 China
80%
König Wachtang I. Gorgassali gründet Tiflis. 455 Georgien
80%
Siedler aus Afrika und Indonesien erreichen dieses Land. Madagaskar
80%
Die Angelsachsen siedeln hierhin über nach 440 Vereinigtes Königreich
80%
Nach der erfolgreichen Schlacht von Zülpich gegen die Alemannen lässt sich Chlodwig, König der Salfranken, taufen. 496 Deutschland
69%
Die Hunas besetzen große Gebiete dieses Landes und schwächen das Gupta-Reich. Indien
63%
Der Vulkan Ilopango bricht aus und verwüstet mehrere Städte. um 430 El Salvador
60%
Im Konzil von Ephesos wird Maria zur Gottesmutter erklärt. 431 Türkei
57%
Die Sueben errichten eines der ersten europäischen christlichen Königreiche. 411 Spanien
49%
Die persischen Sassaniden erklären diesem Land den Krieg. 451 Armenien
46%
Kʼinich Yax Kʼukʼ Moʼ wird der erste König von Copán 426 Honduras
43%
Schlacht auf den Katalaunischen Feldern: Westrom und die Westgoten besiegen das Heer der Hunnen. 451 Frankreich
37%
Augustinus von Hippo beginnt mit seiner Arbeit an "De civitate Dei" 413 Algerien
29%
Keine übereinstimmenden Quizze gefunden
Verteilung der Resultate
Anzahl Personen mit jedem Resultat
Perzentil nach korrekt beantworteten Fragen
Ihre Resultats-Entwicklung
Sie haben dieses Quiz noch nicht gespielt